000 00486nam a2200181 a 4500
001 7067
003 CO-ViMGA
008 141112s2004 ck r 000 u spa d
040 _aCO-ViMGA
_bspa
_cCO-ViMGA
082 0 4 _a581.1 L673
100 1 _aLópez Torres, Marcos
_96141
245 1 0 _aResistencia de las plantas
260 _aMexico :
_bTrillas,
_c1995
300 _a103 p : il
650 1 4 _aFISIOLOGIA VEGETAL
_953000
650 1 4 _aPLANTAS - CELULAS Y TEJIDOS
_96142
942 _2ddc
_cBK
999 _c19032
_d19032